[Event "Wch U12 Girls"]
[Site "Pocos de Caldas"]
[Date "2017.08.24"]
[Round "4"]
[White "Ke, Rianne"]
[Black "Desai, Nilomi"]
[Result "1/2-1/2"]
[WhiteElo "1562"]
[BlackElo "1633"]
[PlyCount "83"]
[EventDate "2017.08.22"]
[EventType "swiss"]
[EventRounds "11"]
[EventCountry "BRA"]
[SourceTitle "CBM 180 Extra"]
[Source "ChessBase"]
[SourceDate "2017.10.06"]
[SourceVersion "1"]
[SourceVersionDate "2017.10.06"]
[SourceQuality "1"]

1. e4 c6 2. d4 d5 3. Nc3 dxe4 4. Nxe4 Bf5 5. Ng3 Bg6 6. h4 h6 7. Nf3 Nd7 8. h5 Bh7 9. Bd3 Bxd3 10. Qxd3 e6 11. Bd2 Ngf6 12. 0-0-0 Bd6 13. Ne4 Bc7 14. c4 Qe7 15. Bc3 Nxe4 16. Qxe4 Nf6 17. Qe2 0-0-0 18. Ne5 Rhg8 19. Kb1 Nd7 20. f4 Nb6 21. a3 Qf6 22. Rhf1 Kb8 23. g4 Bxe5 24. fxe5 Qe7 25. Bb4 Qe8 26. Rf3 Rd7 27. b3 Nc8 28. Qe4 Ka8 29. Rdd3 a6 30. d5 cxd5 31. cxd5 Nb6 32. dxe6 Rxd3 33. Rxd3 fxe6 34. Rd6 Nd5 35. Qc4 Qf7 36. Ba5 Re8 37. Bd8 Ka7 38. Qc5+ Kb8 39. Kc2 Qf4 40. Rxd5 exd5 41. Qc7+ Ka7 42. Qc5+ 1/2-1/2

[Event "Wch U12 Girls"]
[Site "Batumi"]
[Date "2016.10.30"]
[Round "11"]
[White "Desai, Nilomi"]
[Black "Nurgali, Nazerke"]
[Result "0-1"]
[WhiteElo "1524"]
[BlackElo "2126"]
[PlyCount "45"]
[EventDate "2016.10.19"]
[EventType "swiss"]
[EventRounds "11"]
[EventCountry "GEO"]
[SourceTitle "EXT 2018"]
[Source "ChessBase"]
[SourceDate "2017.10.13"]
[SourceVersion "1"]
[SourceVersionDate "2017.10.13"]
[SourceQuality "1"]

1. d4 Nf6 2. c4 e6 3. g3 d5 4. Bg2 Be7 5. Nf3 0-0 6. 0-0 b6 7. cxd5 exd5 8. Nc3 Bb7 9. Qc2 Na6 10. a3 c6 11. b4 Nc7 12. Bb2 Ne6 13. Rfd1 Rc8 14. Qb3 Qc7 15. Rac1 Rfd8 16. e3 Qb8 17. Qa2 Qa8 18. Na4 c5 19. bxc5 Bc6 20. Nc3 bxc5 21. Bh3 Ne4 22. Nxe4 dxe4 23. Ne5 0-1

[Event "Wch U12 Girls"]
[Site "Batumi"]
[Date "2016.10.29"]
[Round "10"]
[White "Djordjevic, Nevena"]
[Black "Desai, Nilomi"]
[Result "0-1"]
[WhiteElo "1391"]
[BlackElo "1524"]
[PlyCount "72"]
[EventDate "2016.10.19"]
[EventType "swiss"]
[EventRounds "11"]
[EventCountry "GEO"]
[SourceTitle "EXT 2018"]
[Source "ChessBase"]
[SourceDate "2017.10.13"]
[SourceVersion "1"]
[SourceVersionDate "2017.10.13"]
[SourceQuality "1"]

1. d4 c6 2. c4 d5 3. cxd5 cxd5 4. Nc3 Nf6 5. Bf4 Nc6 6. e3 Bf5 7. Qb3 Na5 8. Qa4+ Bd7 9. Bb5 e6 10. Nf3 a6 11. Bxd7+ Nxd7 12. Ne5 b5 13. Qd1 Nxe5 14. Bxe5 Nc4 15. Rb1 Nxe5 16. dxe5 Qg5 17. 0-0 Qxe5 18. Ne2 Bd6 19. g3 0-0 20. Nd4 Rfc8 21. Qd2 Qf6 22. Rbc1 Bc5 23. Nb3 Bb6 24. Rc2 Rc4 25. Rfc1 h6 26. Qe2 Rac8 27. Qd3 Qe7 28. Qe2 R8c6 29. e4 Rxc2 30. Rxc2 Rxc2 31. Qxc2 Qc7 32. Qd3 Qc4 33. Qxc4 dxc4 34. Nd2 Bd4 35. b3 c3 36. Nb1 c2 0-1

[Event "Wch U12 Girls"]
[Site "Batumi"]
[Date "2016.10.28"]
[Round "9"]
[White "Desai, Nilomi"]
[Black "Mehmed, Elif"]
[Result "0-1"]
[WhiteElo "1524"]
[BlackElo "1824"]
[PlyCount "51"]
[EventDate "2016.10.19"]
[EventType "swiss"]
[EventRounds "11"]
[EventCountry "GEO"]
[SourceTitle "EXT 2018"]
[Source "ChessBase"]
[SourceDate "2017.10.13"]
[SourceVersion "1"]
[SourceVersionDate "2017.10.13"]
[SourceQuality "1"]

1. d4 Nf6 2. c4 g6 3. Nc3 d5 4. cxd5 Nxd5 5. e4 Nxc3 6. bxc3 Bg7 7. Nf3 c5 8. Be3 Nc6 9. Qd2 Qa5 10. h3 0-0 11. Rc1 cxd4 12. cxd4 Qxd2+ 13. Kxd2 Rd8 14. Rc4 f5 15. Bd3 fxe4 16. Bxe4 Be6 17. Ra4 Bd5 18. Bxd5+ Rxd5 19. Rc4 e5 20. Kc3 exd4+ 21. Nxd4 Rad8 22. Rd1 Nxd4 23. Rdxd4 b5 24. Rc7 Bxd4+ 25. Bxd4 Rxd4 26. Rxa7 0-1

[Event "Wch U12 Girls"]
[Site "Batumi"]
[Date "2016.10.21"]
[Round "3"]
[White "Wikar, Martyna"]
[Black "Desai, Nilomi"]
[Result "1-0"]
[WhiteElo "1867"]
[BlackElo "1524"]
[PlyCount "57"]
[EventDate "2016.10.19"]
[EventType "swiss"]
[EventRounds "11"]
[EventCountry "GEO"]
[SourceTitle "EXT 2018"]
[Source "ChessBase"]
[SourceDate "2017.10.13"]
[SourceVersion "1"]
[SourceVersionDate "2017.10.13"]
[SourceQuality "1"]

1. e4 c6 2. d4 d5 3. Nc3 dxe4 4. Nxe4 Bf5 5. Ng3 Bg6 6. Bc4 e6 7. N1e2 h6 8. 0-0 Nf6 9. f4 Be7 10. Kh1 0-0 11. f5 exf5 12. Nxf5 Bxf5 13. Rxf5 Nbd7 14. Qe1 Nb6 15. Bd3 Nbd5 16. Qg3 Kh8 17. Qh3 Ng8 18. Bd2 Nc7 19. Raf1 Bf6 20. c4 Qe7 21. Rxf6 Nxf6 22. Rxf6 g6 23. Bxh6 Kg8 24. Bxf8 Rxf8 25. Rf4 Qd6 26. Qh6 Rd8 27. Rh4 Qf6 28. Qh7+ Kf8 29. Qh8+ 1-0

[Event "Wch U12 Girls"]
[Site "Batumi"]
[Date "2016.10.19"]
[Round "1"]
[White "Desai, Nilomi"]
[Black "Rakshitta, Ravi"]
[Result "0-1"]
[WhiteElo "1524"]
[BlackElo "2068"]
[PlyCount "116"]
[EventDate "2016.10.19"]
[EventType "swiss"]
[EventRounds "11"]
[EventCountry "GEO"]
[SourceTitle "EXT 2018"]
[Source "ChessBase"]
[SourceDate "2017.10.13"]
[SourceVersion "1"]
[SourceVersionDate "2017.10.13"]
[SourceQuality "1"]

1. d4 Nf6 2. c4 Nc6 3. Nf3 e6 4. a3 d6 5. Nc3 g6 6. e4 Bg7 7. h3 0-0 8. Be3 e5 9. d5 Nd4 10. Bd3 Nd7 11. b4 Nxf3+ 12. Qxf3 f5 13. exf5 e4 14. Bxe4 Bxc3+ 15. Ke2 Bxa1 16. Rxa1 Ne5 17. Qg3 Bxf5 18. Bxf5 Rxf5 19. Rc1 Qd7 20. f4 Nf7 21. h4 Re8 22. Kd2 Nh6 23. Qf3 Rf7 24. Rc3 Rfe7 25. g3 Qg4 26. Qxg4 Nxg4 27. Bd4 Re2+ 28. Kd3 Nf2+ 29. Bxf2 Rxf2 30. Kd4 Rd2+ 31. Rd3 Rxd3+ 32. Kxd3 Kf7 33. a4 Kf6 34. g4 h5 35. gxh5 gxh5 36. c5 Kf5 37. c6 bxc6 38. dxc6 Rb8 39. Kc4 Kxf4 40. b5 a5 41. bxa6 Rb6 42. a7 Ra6 43. Kd5 Rxa7 44. Ke6 Rxa4 45. Kd7 d5 46. Kxc7 d4 47. Kd7 d3 48. c7 Rc4 49. c8Q Rxc8 50. Kxc8 d2 51. Kd7 d1Q+ 52. Ke6 Qd4 53. Kf7 Qe5 54. Kg6 Kg4 55. Kf7 Kf5 56. Kg8 Kg6 57. Kf8 Qe4 58. Kg8 Qe8# 0-1

[Event "EU-ch U12 Girls 26th"]
[Site "Prague"]
[Date "2016.08.26"]
[Round "8"]
[White "Desai, Nilomi"]
[Black "Guillo Longares, Cecilia"]
[Result "1/2-1/2"]
[WhiteElo "1511"]
[BlackElo "1845"]
[PlyCount "95"]
[EventDate "2016.08.18"]
[EventType "swiss"]
[EventRounds "9"]
[EventCountry "CZE"]
[SourceTitle "CBM 174 Extra"]
[Source "ChessBase"]
[SourceDate "2016.10.10"]
[SourceVersion "1"]
[SourceVersionDate "2016.10.10"]
[SourceQuality "1"]

1. d4 Nf6 2. c4 c5 3. d5 e6 4. Nc3 exd5 5. cxd5 d6 6. e4 g6 7. f3 Bg7 8. Bg5 Nbd7 9. Nh3 a6 10. a4 Ne5 11. Nf2 0-0 12. Qd2 Qa5 13. Ra3 Rb8 14. Be2 Re8 15. 0-0 Qc7 16. h3 c4 17. Kh1 b5 18. axb5 axb5 19. Na2 Bb7 20. Nb4 Ned7 21. Rc1 Ra8 22. Rca1 Rxa3 23. Rxa3 Nc5 24. Bd1 Nfd7 25. Be3 Rc8 26. Bd4 Nf6 27. Qc3 Qd8 28. g4 Ne8 29. Bxg7 Nxg7 30. Kg2 h5 31. Qd2 Nd7 32. Rc3 Ra8 33. b3 cxb3 34. Bxb3 Nc5 35. Bd1 Qh4 36. Qf4 Ne8 37. Be2 Na6 38. Nxa6 Bxa6 39. Rb3 Rb8 40. Ra3 Bc8 41. Rb3 Bd7 42. e5 Qe7 43. Nd3 g5 44. Qh2 h4 45. f4 Nc7 46. Bf3 Rb6 47. exd6 Rxd6 48. Nb4 1/2-1/2

[Event "EU-ch U12 Girls 26th"]
[Site "Prague"]
[Date "2016.08.25"]
[Round "7"]
[White "Koksa, Jelena"]
[Black "Desai, Nilomi"]
[Result "1/2-1/2"]
[WhiteElo "1463"]
[BlackElo "1511"]
[PlyCount "88"]
[EventDate "2016.08.18"]
[EventType "swiss"]
[EventRounds "9"]
[EventCountry "CZE"]
[SourceTitle "CBM 174 Extra"]
[Source "ChessBase"]
[SourceDate "2016.10.10"]
[SourceVersion "1"]
[SourceVersionDate "2016.10.10"]
[SourceQuality "1"]

1. e4 c6 2. Nc3 d5 3. Nf3 Bg4 4. h3 Bxf3 5. Qxf3 e6 6. a3 Nf6 7. d3 Nbd7 8. g3 Be7 9. Bg2 0-0 10. 0-0 Qb6 11. Qe2 Bd6 12. Kh1 Rfd8 13. f4 g6 14. e5 Nh5 15. Qe1 Be7 16. g4 Ng7 17. Qg3 Kh8 18. Ne2 Qc7 19. c4 dxc4 20. dxc4 Nc5 21. Be3 Nd7 22. Rad1 Nb6 23. c5 Nd5 24. Bxd5 Rxd5 25. Rxd5 cxd5 26. b4 a5 27. Nd4 Rg8 28. Nb5 Qd7 29. Nd6 Bxd6 30. cxd6 axb4 31. axb4 Rc8 32. Rc1 Rxc1+ 33. Bxc1 Qb5 34. Qe1 Qc6 35. Be3 d4+ 36. Kg1 dxe3 37. Qxe3 Ne8 38. Qc5 Qd7 39. b5 Kg7 40. Kf2 f6 41. h4 Kf7 42. Ke3 fxe5 43. fxe5 h6 44. Ke4 Kg7 1/2-1/2

[Event "EU-ch U12 Girls 26th"]
[Site "Prague"]
[Date "2016.08.21"]
[Round "4"]
[White "Desai, Nilomi"]
[Black "Ruzic, Pia Marie"]
[Result "1-0"]
[WhiteElo "1511"]
[BlackElo "1353"]
[PlyCount "95"]
[EventDate "2016.08.18"]
[EventType "swiss"]
[EventRounds "9"]
[EventCountry "CZE"]
[SourceTitle "CBM 174 Extra"]
[Source "ChessBase"]
[SourceDate "2016.10.10"]
[SourceVersion "1"]
[SourceVersionDate "2016.10.10"]
[SourceQuality "1"]

1. d4 Nf6 2. c4 g6 3. Nc3 Bg7 4. e4 d6 5. f3 Nbd7 6. Be3 0-0 7. Qd2 e5 8. d5 Qe7 9. Bd3 Nb6 10. Nge2 c6 11. 0-0 cxd5 12. cxd5 Bd7 13. Rfc1 Na4 14. Nxa4 Bxa4 15. Qb4 Bd7 16. Rc7 b6 17. Rac1 Rfc8 18. Qa3 Rxc7 19. Rxc7 Bf8 20. Rxa7 Rb8 21. Rc7 Qd8 22. Rc1 Nh5 23. Qb3 Ng7 24. Bb5 f5 25. Bxd7 Qxd7 26. Nc3 Qd8 27. Qd1 Be7 28. Qd2 Qd7 29. a3 Kf7 30. Na2 Qa4 31. Nb4 f4 32. Bf2 Qd7 33. Nc6 Rb7 34. Nxe7 Qxe7 35. Rc6 b5 36. Qb4 Ne8 37. Bb6 Nc7 38. Qxd6 Qxd6 39. Rxd6 Ke7 40. Rc6 Ne8 41. Kf2 Kd7 42. g3 Nd6 43. b3 g5 44. g4 h6 45. Kg2 Nc8 46. Bc5 Rc7 47. Rxc7+ Kxc7 48. Bf8 1-0

[Event "EU-ch U12 Girls 26th"]
[Site "Prague"]
[Date "2016.08.18"]
[Round "1"]
[White "Allahverdiyeva, Ayan"]
[Black "Desai, Nilomi"]
[Result "1-0"]
[WhiteElo "1886"]
[BlackElo "1511"]
[PlyCount "65"]
[EventDate "2016.08.18"]
[EventType "swiss"]
[EventRounds "9"]
[EventCountry "CZE"]
[SourceTitle "CBM 174 Extra"]
[Source "ChessBase"]
[SourceDate "2016.10.10"]
[SourceVersion "1"]
[SourceVersionDate "2016.10.10"]
[SourceQuality "1"]

1. e4 c6 2. d4 d5 3. e5 Bf5 4. Nc3 e6 5. g4 Bg6 6. Nge2 h6 7. h4 c5 8. Be3 Nd7 9. Qd2 Ne7 10. h5 Bh7 11. f4 Nc6 12. Bg2 Be7 13. 0-0-0 a6 14. f5 cxd4 15. Nxd4 Nxd4 16. Bxd4 Bg5 17. Be3 Nxe5 18. Bxg5 Qxg5 19. Qxg5 hxg5 20. fxe6 fxe6 21. Rhe1 Nxg4 22. Rxe6+ Kf8 23. Rf1+ Nf6 24. h6 Bg8 25. hxg7+ Kxg7 26. Rexf6 Rd8 27. R6f5 Kg6 28. Nxd5 Rd7 29. Be4 Bxd5 30. Rxd5+ Kg7 31. Rxg5+ Kh6 32. Rg6+ Kh7 33. Rh1# 1-0

[Event "BCF-ch U12"]
[Site "Bournemouth"]
[Date "2016.07.26"]
[Round "3"]
[White "Desai, Nilomi"]
[Black "Doherty, Bobby"]
[Result "1-0"]
[WhiteElo "1489"]
[BlackElo "1517"]
[PlyCount "81"]
[EventDate "2016.07.24"]
[EventType "swiss"]
[EventRounds "7"]
[EventCountry "ENG"]
[SourceTitle "EXT 2017"]
[Source "ChessBase"]
[SourceDate "2016.10.25"]
[SourceVersion "1"]
[SourceVersionDate "2016.10.25"]
[SourceQuality "1"]

1. d4 d5 2. Nf3 Bg4 3. c4 e6 4. Nc3 c6 5. Ne5 Bf5 6. g3 f6 7. Nf3 Qa5 8. Qb3 Bb4 9. Bd2 Ne7 10. a3 Bxc3 11. Bxc3 Qc7 12. Bg2 Nd7 13. 0-0 0-0 14. Rac1 Nb6 15. Nd2 Rac8 16. Rfe1 Bg6 17. f3 f5 18. Ba5 f4 19. c5 fxg3 20. cxb6 gxh2+ 21. Kh1 axb6 22. Bxb6 Qg3 23. Nf1 Rf5 24. Nxg3 Rg5 25. Kxh2 Rf8 26. Qe3 h6 27. Qxe6+ Kh7 28. Qxe7 Rf4 29. Kh3 Bf5+ 30. Nxf5 Rfxf5 31. e4 Rh5+ 32. Kg3 Rfg5+ 33. Kf2 Rh2 34. Rg1 dxe4 35. Qxe4+ Kh8 36. Rc5 Rgh5 37. Rxh5 Rxh5 38. Qe8+ Kh7 39. Qxh5 g6 40. Qe5 h5 41. Bh3 1-0

[Event "London Classic CSC op U2000 7th"]
[Site "London"]
[Date "2015.12.05"]
[Round "2"]
[White "Desai, Nilomi"]
[Black "Sokolsky, Juraj"]
[Result "0-1"]
[WhiteElo "1460"]
[BlackElo "1909"]
[PlyCount "80"]
[EventDate "2015.12.04"]
[EventType "swiss"]
[EventRounds "5"]
[EventCountry "ENG"]
[SourceTitle "CBM 169 Extra"]
[Source "ChessBase"]
[SourceDate "2015.12.18"]
[SourceVersion "1"]
[SourceVersionDate "2015.12.18"]
[SourceQuality "1"]

1. d4 d5 2. Nf3 Nf6 3. c4 e6 4. g3 c6 5. Bg2 dxc4 6. Ne5 c5 7. Qa4+ Nbd7 8. Qxc4 cxd4 9. Qxd4 Qa5+ 10. Bd2 Qxe5 11. Qxe5 Nxe5 12. Nc3 Bc5 13. Rc1 Bd7 14. Nb5 Bxb5 15. Rxc5 Bc6 16. f3 Ned7 17. Rc1 0-0 18. 0-0 Rac8 19. Bb4 Rfd8 20. Rfd1 Nb6 21. e4 Nfd7 22. f4 Nf6 23. e5 Bxg2 24. Kxg2 Nfd5 25. Bd2 Nc4 26. b3 Nce3+ 27. Bxe3 Nxe3+ 28. Kf3 Nxd1 29. Rxc8 Rxc8 30. Ke2 Nc3+ 31. Kd3 Nxa2 32. g4 Rc3+ 33. Ke4 Rxb3 34. f5 a5 35. h4 a4 36. g5 a3 37. f6 Nc1 38. h5 a2 39. h6 a1Q 40. hxg7 Qa4# 0-1